000 00526nam a2200181Ia 4500
003 GCL
008 140319s9999 xx 000 0 ara d
040 _aGCL /
_cGCL
082 0 4 _a338.9
_bع خ
100 1 _aعبدالله سالم
245 1 0 _aالخصخصة وتقييم الاصول والاسهم فى البورصة /
_cعبدالله سالم
300 _a196 ص
490 _aكتاب
_v0
650 0 4 _aالاوراق المالية
650 0 4 _aالخصخصة
650 0 4 _aالبورصات
942 _2ddc
_cBK
999 _c42068
_d42068